000 03548cam a22007574i 4500
003 PE-LiUPU
005 20250731170456.0
008 150706s2012 sp a rb 000 0 spa d
020 _a9788436825480
035 _a(Sirsi) i9788436825480
040 _aPE-LiUPU
_bspa
_cPE-LiUPU
_erda
049 _aPRUA
082 0 4 _a150.287
_bE96
_221
082 0 4 _a150.287
_bF38 2012
245 1 0 _aEvaluación psicológica :
_bconceptos, métodos y estudio de casos /
_cdirectora, Rocío Fernández-Ballesteros.
250 _a2da edición.
264 1 _aMadrid :
_bPíramide,
_c2012.
300 _a491 páginas :
_bilustraciones ;
_c24 centímetros.
300 _a02 CD-ROM
336 _atext
_2rdacontent
337 _aunmediated
_2rdamedia
338 _avolume
_2rdacarrier
490 0 _aColección "Psicología"
504 _aIncluye referencias bibliográficas.
505 0 _aConceptos y modelos básicos -- El proceso como procedimiento científico ysus variantes -- Comunicación deloresultados:el informe psicológico -- GarantíasCientíficas y éticas de la evaluación psicológica -- La entrevista -- La observación -- Loautoinformes.- Otras técnicas: objetivas y proyectivas -- Técnicas psicométricas. Los tests -- Evaluaciónen la infancia la adolescencia -- Evaluación del deterioro cognitivo -- Diagnóstico clínico:un caso de ansiedad -- Orientación vocacional -- Selección de personal -- Evaluación y valoracióndel tratamiento en un problema de depresión.
526 _aSEG68
526 _aSEG70
526 _aSEG69
526 _aSEG67
526 _aSEG43
526 _aP144
526 _aP143
526 _aP131
526 _aP122
526 _aP120
526 _aP117
526 _aP112
526 _aP110
526 _aP106
526 _aP101
526 _aP80
526 _aP59
526 _aP54
526 _aP35
526 _aP33
526 _aP30
541 _g001-0037437;
541 _g001-0037437;
650 0 4 _aPsicodiagnóstico.
_95669
650 0 4 _aDiagnóstico conductual.
650 0 4 _aPruebas psicológicas.
650 0 4 _aPsicometría.
700 1 _aFernández-Ballesteros, Rocío,
_edirector.
910 _agl20130701
910 _btqv
_cwelc
_d20170502
942 _2ddc
_cBOOK
949 _a150.287 E96
_wDEWEY
_c1
_i67783
_lCCODEBUL1
_mBUL
_p103.00
_r0
_sY
_tBOOK
_u2015-7-6
_xSALUD
_PP33
_o.STAFF. Colección General
949 _a150.287 E96
_wDEWEY
_c2
_i67784
_lCCODEBUL1
_mBUL
_p103.00
_r0
_sY
_tBOOK
_u2015-7-6
_xSALUD
_PP33
_o.STAFF. Colección General
949 _a150.287 F38 2012
_wDEWEY
_c1
_iFJ07768
_lCCODEBUJ1
_mBUJ
_p84.40
_r0
_sY
_tBOOK
_u2017-05-02
_xSALUD
_PP33
_0COMPRA
_o.STAFF. Colección General Juliaca
994 _aC0
_bPEPRU
596 _a1 3
999 _a150.287 E96
_wDEWEY
_c55319
_i67783
_d55319
_e2019-3-24
_f2021-11-3
_g5
_lCCODEBUL1
_mBUL
_n17
_p103.00
_q3
_r0
_sY
_tBOOK
_u2015-7-6
_xSALUD
_PP33
_0COMPRA
_o.STAFF. Colección Ciencias de la Salud
999 _a150.287 E96
_wDEWEY
_c2
_i67784
_d2019-8-13
_e2019-3-22
_f2021-11-3
_g5
_lCCODEBUL1
_mBUL
_n21
_p103.00
_q6
_r0
_sY
_tBOOK
_u2015-7-6
_xSALUD
_PP33
_0COMPRA
_o.STAFF. Colección Ciencias de la Salud
999 _a150.287 F38 2012
_wDEWEY
_c1
_iFJ07768
_d2019-8-26
_e2019-6-11
_f2022-1-17
_g4
_lCCODEBUJ1
_mBUJ
_n13
_p84.40
_q19
_r0
_sY
_tBOOK
_u2015-10-13
_xSALUD
_PP33
_0COMPRA
_o.STAFF. Colección General Juliaca
980 _81
_gALBERTO SANCHEZ Responsable de Automatización